000 00715nam a2200253Ia 4500
003 OSt
005 20220928122041.0
006 a|||||r|||| 00| 0
007 ta
008 220927b |||||||| |||| 00| 0 eng d
020 _c5736.75
024 _a105811
037 _b506, 01/02/2010, Pioneer Book Distributors
_cTextual
040 _aSDCL
_cSDCL
_beng
041 _2eng
_aeng
082 _aW66, P0
100 _aBellamy Richard
_9455651
245 0 _aRethinking liberalism
260 _aLondon
_bPinter
_c2000
300 _axiv, 249p
_ccm.
650 _aPhilosophy
942 _hW66, P0
_cTEXL
_2CC
999 _c769311
_d769311